Agriculture, economics, and growth
In recent decades, the potential contribution of agriculture to economic growth has been a subject of much controversy among development economists ...
Zapisane w:
| 1. autor: | |
|---|---|
| Format: | Książka |
| Język: | Undetermined |
| Wydane: |
New York
Meredith
1970
|
| Hasła przedmiotowe: | |
| Etykiety: |
Dodaj etykietę
Nie ma etykietki, Dołącz pierwszą etykiete!
|
| Thư viện lưu trữ: | Trung tâm Học liệu Trường Đại học Cần Thơ |
|---|
| LEADER | 00735nam a2200205Ia 4500 | ||
|---|---|---|---|
| 001 | CTU_21458 | ||
| 008 | 210402s9999 xx 000 0 und d | ||
| 082 | |a 338.1 | ||
| 082 | |b S673 | ||
| 100 | |a Milton M. Srodgrass | ||
| 245 | 0 | |a Agriculture, economics, and growth | |
| 245 | 0 | |c Milton M. Srodgrass, Luther T. Wallace | |
| 260 | |a New York | ||
| 260 | |b Meredith | ||
| 260 | |c 1970 | ||
| 520 | |a In recent decades, the potential contribution of agriculture to economic growth has been a subject of much controversy among development economists ... | ||
| 650 | |a Agriculture,Nông nghiệp | ||
| 650 | |x Economic aspects,Khía cạnh kinh tế | ||
| 904 | |i Qhieu | ||
| 980 | |a Trung tâm Học liệu Trường Đại học Cần Thơ | ||